Представление документа в формате RUSMARC

ПолеНазваниеЗначение
  Тип записи a
  Библиографический уровень a
001 Контрольный номер RU/CBS_UL/BASE/554930183
005 Дата корректировки 20240209175214.8
100 Данные общей обработки __
a Данные общей обработки 20170801d2017 ||| 0rusy0189 ca
101 Язык документа 0_
a Язык текста rus
102 Страна публикации __
a Страна публикации RU
105 Кодированные данные (монография) __
a Кодированные данные (монография) y###||||000|y
200 Заглавие и сведения об ответственности 1_
a Заглавие "Умные" ласточки и другие...
b Общее обозначение материала Текст
e Сведения, относящиеся к заглавию [о поведении ласточек]
f Первые сведения об ответственности В. Булавинцев
300 Общие примечания __
a Общие примечания Ограничения по возрасту - 12+
461 Уровень набора _0
1 2000
a Свирель
463 Уровень физической единицы _0
1 001RU/CBS_UL/BASE/554926785
1 2000
a № 7
v С. 16-18
1 210
d 2017
606 Тематические рубрики 0_
a Основная рубрика Ласточки - Поведение
610 Ключевые слова 0_
a Ключевые слова птицы
a Ключевые слова ласточки
a Ключевые слова поведение ласточек
a Ключевые слова гнездование ласточек
686 Индексы других классификаций __
a Классификационный индекс 28.693.35
2 Код системы ББК
700 Автор _1
a Фамилия Булавинцев
b Имя (инициалы) В.
801 Источник записи _0
a Страна RU
b Организация МБУК ЦБС г. Ульяновска
c Дата составления 20170801
g Правила каталогизации RCR
801 Источник записи _1
a Страна RU
b Организация МБУК ЦБС г. Ульяновска
c Дата составления 20170801
g Правила каталогизации RCR
901 Тип документа __
t Тип документа b
w Контрольный № источника RU/CBS_UL/BASE/554926785
910 Корректоры записи __
a Корректор записи Библиотека 7
938 Служебная информация __
a Имя БД period